=LDR 00000nam 2200000 4500 =001 INLIS000000000019444 =005 20130612114513 =008 ***********************************Ind** =035 ##$$0010-061300000019444 =041 ##$$a Ind =082 ##$$a 658.403 =090 ##$$a 658.403, Sup t =100 ##$$a Supranto, Johanes =245 ##$$a Teknik pengembalian keputusan, Johanes Supranto, M.A =260 ##$$a 1998 $b Jakarta =300 ##$$a xi, 263 hlm, 21 cm =650 ##$$a Pengambilan Keputusan =850 ##$$a NBPNMAT